[Event "K41 Aabent Mesterskab 2007-08"]
[Site "Valby"]
[Date "2008.01.08"]
[Round "4"]
[White "Kristensen, Steffen Michael"]
[Black "Mikkelsen, Henning Peter"]
[Result "1/2-1/2"]
[WhiteElo "1159"]
[BlackElo "1287"]
[PlyCount "46"]
[EventDate "2007.??.??"]

1. e4 d5 2. exd5 Qxd5 3. Nc3 Qa5 4. d4 Nf6 5. Bd2 e6 6. Nf3 Bb4 7. a3 Bd6 8.
Bd3 c6 9. Nb5 Qd8 10. Nxd6+ Qxd6 11. g3 Nbd7 12. O-O a5 13. b4 b6 14. c4 O-O
15. c5 Qd5 16. Qe2 axb4 17. Bxb4 Re8 18. Rfd1 bxc5 19. dxc5 Qh5 20. h4 e5 21.
Nh2 Qh6 22. Bd2 Qh5 23. Qxh5 Nxh5 1/2-1/2

[Event "K41 Aabent Mesterskab 2007-08"]
[Site "Valby"]
[Date "2008.01.08"]
[Round "4"]
[White "Krogh, Soren"]
[Black "Hou, Mads"]
[Result "0-1"]
[WhiteElo "1087"]
[BlackElo "1465"]
[PlyCount "86"]
[EventDate "2007.??.??"]

1. b3 b5 2. Bb2 Bb7 3. e3 b4 4. f4 Nf6 5. Nf3 e6 6. Bb5 Na6 7. O-O Nc5 8. Ne5
a6 9. Be2 d5 10. d3 Ncd7 11. Nd2 Bd6 12. Ndf3 h6 13. Qe1 a5 14. Qg3 Rg8 15.
Nxd7 Kxd7 16. Ne5+ Ke7 17. f5 Qc8 18. fxe6 Qxe6 19. Rae1 a4 20. d4 axb3 21.
axb3 Ra2 22. Bc1 Bxe5 23. dxe5 Ne4 24. Qf4 g5 25. Qf5 Qxf5 26. Rxf5 Bc8 27. Rf3
Rxc2 28. Bd3 Rc3 29. Bxe4 dxe4 30. Rf6 Rg6 31. Ref1 Rxf6 32. exf6+ Ke6 33. Bb2
Rxb3 34. Bd4 Rd3 35. Rb1 b3 36. Kf2 c6 37. h3 Kd6 38. g4 c5 39. Ba1 Kd5 40. Bb2
Rd2+ 41. Kg3 Rxb2 42. Rxb2 Kc4 43. h4 Kc3 0-1

[Event "K41 Aabent Mesterskab 2007-08"]
[Site "Valby"]
[Date "2008.01.08"]
[Round "4"]
[White "Laursen, Niels Norskov"]
[Black "Nielsen, Michael"]
[Result "0-1"]
[WhiteElo "2170"]
[BlackElo "2058"]
[PlyCount "60"]
[EventDate "2007.??.??"]

1. e4 d5 2. exd5 Qxd5 3. Nc3 Qa5 4. d4 Nf6 5. Nf3 c6 6. Bc4 Bf5 7. Qe2 e6 8.
Bd2 Qc7 9. O-O Be7 10. Bb3 O-O 11. Ne5 Nbd7 12. Rad1 Rad8 13. Bg5 Nxe5 14. dxe5
Nd5 15. Nxd5 cxd5 16. Bxe7 Qxe7 17. Rd4 Rb8 18. c4 dxc4 19. Bxc4 b5 20. Bb3
Rfd8 21. Rxd8+ Rxd8 22. Rd1 Rxd1+ 23. Bxd1 Qc5 24. h3 h6 25. Kh2 Qd4 26. Bb3 a6
27. g3 g5 28. a3 Kg7 29. Ba2 h5 30. f3 h4 0-1

[Event "K41 Aabent Mesterskab 2007-08"]
[Site "Valby"]
[Date "2008.01.08"]
[Round "4"]
[White "Lofberg, Jan"]
[Black "Petersen, Steen Brustrup"]
[Result "0-1"]
[WhiteElo "1918"]
[BlackElo "2136"]
[PlyCount "72"]
[EventDate "2007.??.??"]

1. e4 e5 2. f4 exf4 3. Nf3 g5 4. Bc4 Bg7 5. O-O d6 6. c3 Nc6 7. d4 h6 8. Qb3
Qd7 9. Bb5 a6 10. Qa4 Rb8 11. Bd3 Ne5 12. Qxd7+ Nxd7 13. Na3 Ne7 14. Bd2 O-O
15. h4 Bf6 16. Nc4 b5 17. e5 bxc4 18. exf6 Nxf6 19. hxg5 cxd3 20. gxf6 Nd5 21.
b4 Re8 22. Rae1 Bg4 23. a3 Ne3 24. Rf2 Re4 25. Nh2 h5 26. Nxg4 hxg4 27. g3 d5
28. Rxf4 Rxf4 29. gxf4 Nc4 30. Bc1 d2 31. Bxd2 Nxd2 32. Re7 Rb6 33. Rxc7 Rxf6
34. a4 Rxf4 35. Rc6 g3 36. Rxa6 Rf2 0-1

[Event "K41 Aabent Mesterskab 2007-08"]
[Site "Valby"]
[Date "2008.01.08"]
[Round "4"]
[White "Marshall, Michael"]
[Black "Nielsen, Jorgen Kamp"]
[Result "1-0"]
[WhiteElo "1814"]
[BlackElo "1432"]
[PlyCount "35"]
[EventDate "2007.??.??"]

1. d4 Nf6 2. Nf3 c5 3. d5 d6 4. Nc3 g6 5. e4 Bg4 6. h3 Bxf3 7. Qxf3 Bg7 8. Be2
Nbd7 9. O-O O-O 10. Qg3 c4 11. Bxc4 Nh5 12. Qe3 f5 13. exf5 Rxf5 14. Be2 Nf4
15. Bg4 Rf8 16. g3 h5 17. Bxd7 Qxd7 18. gxf4 1-0

[Event "K41 Aabent Mesterskab 2007-08"]
[Site "Valby"]
[Date "2008.01.08"]
[Round "4"]
[White "Moller, Arne Vagn"]
[Black "Christensen, Esben"]
[Result "1-0"]
[WhiteElo "1723"]
[BlackElo "1984"]
[PlyCount "71"]
[EventDate "2007.??.??"]

1. e4 c5 2. Nf3 e6 3. d4 cxd4 4. Nxd4 Nf6 5. Nc3 d6 6. Be3 a6 7. Be2 Qc7 8. O-O
b5 9. a3 Bb7 10. Bf3 Nbd7 11. Qe2 Be7 12. Rad1 Ne5 13. Bc1 O-O 14. Rfe1 Rac8
15. h3 d5 16. exd5 Nxf3+ 17. Nxf3 Bxa3 18. dxe6 fxe6 19. Rd3 Bb4 20. Qxe6+ Kh8
21. Qb3 Ba5 22. Rde3 Qb8 23. Ne5 Rc7 24. Qe6 Bc8 25. Qd6 Bf5 26. Nc6 Rxc6 27.
Qxc6 Bxc2 28. Re7 Bb4 29. Rb7 Qd8 30. Qc7 Qxc7 31. Rxc7 Bd6 32. Rc6 Rd8 33.
Rxa6 b4 34. Nb5 Bc5 35. Be3 Bd3 36. Bxc5 1-0

[Event "K41 Aabent Mesterskab 2007-08"]
[Site "Valby"]
[Date "2008.01.08"]
[Round "4"]
[White "Nielsen, Jens Holm"]
[Black "Jorgensen, Rasmus"]
[Result "0-1"]
[WhiteElo "1802"]
[BlackElo "1607"]
[PlyCount "113"]
[EventDate "2007.??.??"]

1. f4 c5 2. Nf3 Nc6 3. b3 Nf6 4. Bb2 e6 5. e3 Be7 6. Be2 b6 7. O-O Bb7 8. a4
Qc7 9. Na3 Rd8 10. Ne5 d6 11. Nxc6 Bxc6 12. Bb5 O-O 13. Bxc6 Qxc6 14. d3 Nd5
15. Qf3 f5 16. Rae1 Qd7 17. e4 fxe4 18. Qxe4 Bf6 19. Bxf6 Rxf6 20. Rf3 Qf7 21.
Ref1 Nb4 22. f5 e5 23. g4 Qd5 24. g5 Rf7 25. c3 Qxe4 26. dxe4 Nc6 27. Rd3 d5
28. Rfd1 d4 29. h4 Kf8 30. Nc4 Rfd7 31. cxd4 cxd4 32. h5 Re7 33. Kf2 Nb4 34.
R3d2 Na6 35. Kf3 Nc5 36. Rb2 Rc8 37. Nd6 Rc6 38. Nc4 Nxb3 39. Nxe5 Rc3+ 40. Kf4
Nc5 41. Rxd4 Rh3 42. Rd8+ Re8 43. Rxe8+ Kxe8 44. Re2 Rh4+ 45. Kf3 Rxh5 46. Kg4
Rh1 47. Nf3 Ra1 48. f6 gxf6 49. gxf6 Rxa4 50. Nd2 Kf7 51. Kf5 Ra2 52. Rg2 Ne6
53. Rh2 h5 54. Rxh5 Nd4+ 55. Ke5 Ra5+ 56. Kxd4 Rxh5 57. e5 0-1

[Event "K41 Aabent Mesterskab 2007-08"]
[Site "Valby"]
[Date "2008.01.08"]
[Round "4"]
[White "Nielsen, John Holm"]
[Black "Madsen, Poul Henrik"]
[Result "1/2-1/2"]
[WhiteElo "1877"]
[BlackElo "2100"]
[PlyCount "107"]
[EventDate "2007.??.??"]

1. Nc3 d5 2. e4 dxe4 3. Nxe4 Qd5 4. Qf3 Bf5 5. Nd6+ Qxd6 6. Qxf5 Nc6 7. Nf3 e6
8. Qb5 O-O-O 9. Be2 Nf6 10. O-O Ng4 11. g3 h5 12. d4 Nxd4 13. Nxd4 Qxd4 14. Bg5
a6 15. Qb3 f6 16. Qxe6+ Qd7 17. Qxd7+ Rxd7 18. Bxg4 hxg4 19. Be3 Rd5 20. Kg2
Bc5 21. Bxc5 Rxc5 22. c3 Rch5 23. Rh1 Rd8 24. Rad1 Rhd5 25. Rxd5 Rxd5 26. h3
gxh3+ 27. Rxh3 Rd2 28. Rh8+ Kd7 29. Rh7 Rxb2 30. Rxg7+ Kd6 31. Rf7 Ke5 32. Rxc7
b5 33. a4 bxa4 34. Rc5+ Ke4 35. Rc4+ Kd3 36. Rxa4 Rb6 37. Kf3 Kxc3 38. Ra3+ Kb4
39. Ra1 a5 40. Ke4 Ra6 41. g4 a4 42. Kf5 Kb3 43. f4 Kb2 44. Rxa4 Rxa4 45. g5
fxg5 46. fxg5 Kc3 47. g6 Kd4 48. g7 Ra8 49. Kf6 Ke4 50. Kf7 Ra7+ 51. Kf8 Kf5
52. g8=Q Ra8+ 53. Kf7 Rxg8 54. Kxg8 1/2-1/2

[Event "K41 Aabent Mesterskab 2007-08"]
[Site "Valby"]
[Date "2008.01.08"]
[Round "4"]
[White "Nielsen, Soren Skovso"]
[Black "Rasmussen, Morten(1956)"]
[Result "1/2-1/2"]
[WhiteElo "1539"]
[BlackElo "1753"]
[PlyCount "61"]
[EventDate "2007.??.??"]

1. e4 e5 2. Nf3 Nf6 3. Nxe5 d6 4. Nf3 Nxe4 5. Nc3 Nxc3 6. dxc3 Be7 7. Bd3 O-O
8. Be3 Nc6 9. O-O Bg4 10. h3 Bh5 11. Be2 Bf6 12. Nd4 Bxe2 13. Qxe2 Qd7 14. Qb5
a6 15. Qf5 Qxf5 16. Nxf5 Ne5 17. Bd4 Rfe8 18. f4 Nd7 19. Rad1 g6 20. Nh6+ Kf8
21. Ng4 Bxd4+ 22. cxd4 f5 23. Nh2 Re2 24. Rf2 Rae8 25. Kf1 Rxf2+ 26. Kxf2 Re4
27. g3 Nb6 28. Nf3 h6 29. Rd3 Ke7 30. b3 Nd5 31. a3 1/2-1/2

[Event "K41 Aabent Mesterskab 2007-08"]
[Site "Valby"]
[Date "2008.01.08"]
[Round "4"]
[White "Petersen, Jan Han Il Nam"]
[Black "Lichtenberg, Ivan"]
[Result "1-0"]
[WhiteElo "1605"]
[BlackElo "1244"]
[PlyCount "67"]
[EventDate "2007.??.??"]

1. e4 c5 2. Nf3 Nc6 3. Bb5 d6 4. d4 cxd4 5. Nxd4 Bd7 6. Nb3 a6 7. Be2 e6 8. Nc3
Nf6 9. Bg5 Be7 10. Qd2 O-O 11. O-O-O b5 12. Bxf6 Bxf6 13. Qxd6 Bxc3 14. bxc3
Qg5+ 15. f4 Qxg2 16. Qxd7 Qxe2 17. Qxc6 Rac8 18. Qd6 Rxc3 19. Rd2 Qxe4 20. Rhd1
g6 21. Nc5 Qe3 22. Nd7 Rfc8 23. Kb2 R3c6 24. Nf6+ Kg7 25. Ne8+ Kg8 26. Nf6+ Kg7
27. Ne8+ Kg8 28. Qe7 Qxf4 29. Nf6+ Kh8 30. Rd8+ Kg7 31. Nh5+ gxh5 32. Rg1+ Qg4
33. Rxg4+ hxg4 34. Qf8+ 1-0

[Event "K41 Aabent Mesterskab 2007-08"]
[Site "Valby"]
[Date "2008.01.08"]
[Round "4"]
[White "Taylor, Ralph"]
[Black "Rasmussen, Janus Munck"]
[Result "1-0"]
[WhiteElo "1840"]
[BlackElo "1705"]
[PlyCount "39"]
[EventDate "2007.??.??"]

1. e4 d5 2. exd5 Qxd5 3. Nc3 Qa5 4. d4 Nf6 5. Bd2 c6 6. Bc4 e6 7. Nf3 Nbd7 8.
Qe2 Bb4 9. O-O O-O 10. Ne5 Nxe5 11. dxe5 Nd5 12. Rae1 Nxc3 13. bxc3 Bxc3 14.
Bxc3 Qxc3 15. Bd3 f5 16. exf6 Rxf6 17. Qe4 g6 18. Re3 Bd7 19. Bc4 Qb2 20. Rb3
1-0

[Event "K41 Aabent Mesterskab 2007-08"]
[Site "Valby"]
[Date "2008.01.08"]
[Round "4"]
[White "Truelsen, Ole Illum"]
[Black "Jorgensen, Carina Eilegaard"]
[Result "1-0"]
[WhiteElo "1821"]
[BlackElo "1863"]
[PlyCount "95"]
[EventDate "2007.??.??"]

1. c4 Nf6 2. Nc3 e6 3. e4 Bb4 4. e5 Bxc3 5. bxc3 Ng8 6. d4 Ne7 7. Bd3 c5 8. Qg4
Ng6 9. h4 f5 10. exf6 Qxf6 11. Nf3 Nc6 12. h5 Nge7 13. h6 g6 14. Bg5 Qf7 15.
dxc5 O-O 16. O-O Rd8 17. Bf4 Qf6 18. Rac1 a5 19. Rfe1 a4 20. Nd2 Rf8 21. Bg3
Nf5 22. Ne4 Qf7 23. Bf4 e5 24. Bg5 Qe6 25. Qe2 Ra5 26. g4 Nfd4 27. cxd4 Nxd4
28. Qe3 Rf3 29. Nf6+ Rxf6 30. Bxf6 Qxf6 31. Be4 Rxc5 32. g5 Qf7 33. Bd5 Rxd5
34. cxd5 Nf3+ 35. Kf1 Qf8 36. Rxc8 Qxc8 37. Qxf3 Qc4+ 38. Re2 Qc1+ 39. Re1 Qxg5
40. Qg3 Qxh6 41. Rxe5 Qh1+ 42. Ke2 Qb1 43. Re3 Qxa2+ 44. Kf1 Qxd5 45. Qe5 Qd1+
46. Re1 Qd3+ 47. Kg2 a3 48. Qf6 1-0

[Event "K41 Aabent Mesterskab 2007-08"]
[Site "Valby"]
[Date "2008.01.22"]
[Round "5"]
[White "Brorsen, Jacob Abildlund"]
[Black "Lofberg, Jan"]
[Result "1/2-1/2"]
[WhiteElo "1804"]
[BlackElo "1918"]
[PlyCount "22"]
[EventDate "2007.??.??"]

1. d4 Nf6 2. Nf3 c5 3. c4 cxd4 4. Nxd4 Nc6 5. Nc3 g6 6. e4 Bg7 7. Be2 d6 8. Be3
O-O 9. O-O Nxd4 10. Bxd4 Be6 11. f3 Nd7 1/2-1/2

[Event "K41 Aabent Mesterskab 2007-08"]
[Site "Valby"]
[Date "2008.01.22"]
[Round "5"]
[White "Christensen, Aage Niels"]
[Black "Hansen, John Laurids"]
[Result "0-1"]
[WhiteElo "1460"]
[BlackElo "1660"]
[PlyCount "48"]
[EventDate "2007.??.??"]

1. d4 Nf6 2. c4 g6 3. Nc3 d5 4. Bf4 Bg7 5. e3 c6 6. Bd3 O-O 7. h3 Nbd7 8. c5
Re8 9. Nf3 Nh5 10. Bh2 e5 11. g4 exd4 12. gxh5 dxc3 13. hxg6 hxg6 14. Rb1 cxb2
15. Qc2 Qf6 16. Ke2 Nf8 17. Bg3 Qc3 18. Qxc3 Bxc3 19. Kd1 Ne6 20. Kc2 Bf6 21.
Bd6 b6 22. Rhg1 Nxc5 23. Bxg6 fxg6 24. Rxg6+ Kf7 0-1

[Event "K41 Aabent Mesterskab 2007-08"]
[Site "Valby"]
[Date "2008.01.22"]
[Round "5"]
[White "Christensen, Esben"]
[Black "Petersen, Jan Han Il Nam"]
[Result "1-0"]
[WhiteElo "1984"]
[BlackElo "1605"]
[PlyCount "62"]
[EventDate "2007.??.??"]

1. e4 c5 2. Nf3 e6 3. d4 d5 4. exd5 exd5 5. Bb5+ Nc6 6. O-O Bd6 7. Re1+ Nge7 8.
dxc5 Bxc5 9. Be3 Bxe3 10. Rxe3 O-O 11. Nc3 Bg4 12. Ne2 Nf5 13. Rb3 Qf6 14. h3
Bxf3 15. Rxf3 Ne5 16. Rb3 a6 17. Bd3 Nd6 18. Ng3 g6 19. Bf1 Rac8 20. c3 Rc5 21.
Qd4 Rfc8 22. Rb6 Qe7 23. Rxd6 Qxd6 24. Ne4 Qe7 25. Nxc5 Rxc5 26. Rd1 Nc6 27.
Qd2 Qe5 28. Re1 Qf6 29. a4 Kg7 30. Rd1 d4 31. c4 Rf5 1-0

[Event "K41 Aabent Mesterskab 2007-08"]
[Site "Valby"]
[Date "2008.01.22"]
[Round "5"]
[White "Hansen, Soren Otto"]
[Black "Frederiksen, Alan"]
[Result "0-1"]
[WhiteElo "1541"]
[BlackElo "1537"]
[PlyCount "64"]
[EventDate "2007.??.??"]

1. e4 d5 2. exd5 Qxd5 3. Nc3 Qd6 4. d4 c6 5. Nf3 Bg4 6. Bc4 e6 7. Ne4 Qb4+ 8.
Ned2 Nf6 9. c3 Qd6 10. O-O Be7 11. Re1 O-O 12. Bd3 Nbd7 13. Qc2 Bxf3 14. Nxf3
Rad8 15. Bg5 Nc5 16. Bf1 Ncd7 17. Rad1 Qc7 18. Bd3 Rfe8 19. Ne5 Nf8 20. f4 c5
21. Bb5 N6d7 22. Bxe7 Rxe7 23. d5 Nxe5 24. Rxe5 Ng6 25. Rh5 Qxf4 26. Rf1 Qe3+
27. Kh1 Rxd5 28. Rh3 Qd2 29. Qb1 Rg5 30. Rg1 Rd5 31. Ba4 Qf4 32. Rf1 Qxa4 0-1

[Event "K41 Aabent Mesterskab 2007-08"]
[Site "Valby"]
[Date "2008.01.22"]
[Round "5"]
[White "Jorgensen, Carina Eilegaard"]
[Black "Eiholt, Bjarne"]
[Result "1-0"]
[WhiteElo "1863"]
[BlackElo "1538"]
[PlyCount "65"]
[EventDate "2007.??.??"]

1. f4 e5 2. fxe5 d6 3. exd6 Bxd6 4. Nf3 Nf6 5. g3 Nc6 6. Bg2 Bg4 7. d3 Qd7 8.
Bf4 Nd5 9. Qd2 O-O-O 10. Bxd6 Qxd6 11. Nc3 Ndb4 12. a3 Na6 13. Qf4 Qd7 14. Ne5
Nxe5 15. Qxe5 f6 16. Qd5 Qxd5 17. Bxd5 c6 18. Ba2 Rhe8 19. h3 Bf3 20. Rh2 Nc7
21. O-O-O Bh5 22. g4 Bg6 23. e4 Ne6 24. h4 h6 25. Ne2 Nd4 26. Nxd4 Rxd4 27. Rg1
Re5 28. Rf2 Rc5 29. Kb1 Re5 30. g5 hxg5 31. hxg5 f5 32. exf5 Bxf5 33. Rxf5 1-0

[Event "K41 Aabent Mesterskab 2007-08"]
[Site "Valby"]
[Date "2008.01.22"]
[Round "5"]
[White "Jorgensen, Kasper Moller"]
[Black "Taylor, Ralph"]
[Result "1/2-1/2"]
[WhiteElo "1965"]
[BlackElo "1840"]
[PlyCount "114"]
[EventDate "2007.??.??"]

1. e4 c5 2. Nf3 d6 3. d4 cxd4 4. Nxd4 Nf6 5. Nc3 a6 6. Bg5 e6 7. f4 Be7 8. Qf3
Qc7 9. O-O-O Bd7 10. f5 Nc6 11. fxe6 fxe6 12. Nxc6 Qxc6 13. Be2 O-O-O 14. Qd3
h6 15. Bf4 e5 16. Be3 Be6 17. Bf3 Rhf8 18. b3 Nd7 19. Nd5 Bxd5 20. Qxd5 Qxd5
21. Rxd5 Nf6 22. Rd3 d5 23. Bb6 Ba3+ 24. Kb1 Rd6 25. Rc3+ Rc6 26. Rxc6+ bxc6
27. exd5 cxd5 28. c3 Bd6 29. h3 Kb7 30. Be3 e4 31. Be2 Be5 32. Bd4 Bxd4 33.
cxd4 Nd7 34. Rf1 Rxf1+ 35. Bxf1 Nf8 36. Kc2 Ne6 37. Kc3 a5 38. g3 Kb6 39. a3 h5
40. h4 Nc7 41. a4 Kc6 42. b4 axb4+ 43. Kxb4 Kb6 44. Bh3 Ne8 45. a5+ Ka6 46.
Bf1+ Ka7 47. Kc3 Nd6 48. Kb4 Nf5 49. Kc5 Nxg3 50. Kxd5 Nxf1 51. Kxe4 Ka6 52.
Kf5 Kxa5 53. Kg6 Ng3 54. Kxg7 Kb5 55. Kf6 Kc4 56. Ke5 Ne2 57. d5 Kc5 1/2-1/2

[Event "K41 Aabent Mesterskab 2007-08"]
[Site "Valby"]
[Date "2008.01.22"]
[Round "5"]
[White "Jorgensen, Rasmus"]
[Black "Marshall, Michael"]
[Result "1-0"]
[WhiteElo "1607"]
[BlackElo "1814"]
[PlyCount "97"]
[EventDate "2007.??.??"]

1. e4 c5 2. b3 Nc6 3. Bb2 d6 4. Bc4 Nf6 5. Nc3 e6 6. Nge2 a6 7. a4 d5 8. exd5
exd5 9. Bd3 Ne5 10. O-O Nxd3 11. cxd3 Be7 12. d4 O-O 13. dxc5 Bxc5 14. Ng3 Bg4
15. Qc2 Rc8 16. Qd3 Re8 17. h3 Be6 18. Nce2 Ne4 19. Nxe4 dxe4 20. Qg3 f6 21.
Rfc1 Qd3 22. Qxd3 exd3 23. Nf4 Bf5 24. g4 Be4 25. Bc3 Rc6 26. Re1 Kf7 27. Rac1
Bd6 28. Nh5 Bd5 29. Rxe8 Kxe8 30. Nxg7+ Kf7 31. Nf5 Be5 32. b4 Bb3 33. Rb1 Bxa4
34. Bxe5 fxe5 35. Ne3 Ke6 36. Kg2 e4 37. Kg3 Bc2 38. Rb2 Ke5 39. b5 Rc7 40.
bxa6 bxa6 41. Ra2 Ra7 42. Ra5+ Ke6 43. Kf4 Bb3 44. Kxe4 Bc2 45. f4 Kd6 46. Kd4
Kc6 47. Rc5+ Kb6 48. Nc4+ Kb7 49. Nd6+ 1-0

[Event "K41 Aabent Mesterskab 2007-08"]
[Site "Valby"]
[Date "2008.01.22"]
[Round "5"]
[White "Lichtenberg, Ivan"]
[Black "Kristensen, Steffen Michael"]
[Result "0-1"]
[WhiteElo "1244"]
[BlackElo "1159"]
[PlyCount "58"]
[EventDate "2007.??.??"]

1. e4 e5 2. Nf3 Nc6 3. Bc4 Bc5 4. O-O Nf6 5. d3 h6 6. Nc3 O-O 7. Qe2 d6 8. h3
b6 9. a3 Bb7 10. b4 Bd4 11. Nxd4 Nxd4 12. Qd2 Bc8 13. f4 Nh5 14. fxe5 dxe5 15.
Ne2 Nxe2+ 16. Qxe2 Ng3 17. Qf2 Nxf1 18. Kxf1 Be6 19. Qg3 Bxc4 20. dxc4 Qd1+ 21.
Kf2 Qxc2+ 22. Kg1 Kh7 23. Qxe5 Qd1+ 24. Kh2 Qd6 25. Bb2 Rfe8 26. Qxd6 cxd6 27.
Re1 Rac8 28. Kg3 Rxc4 29. Kf3 f5 0-1

[Event "K41 Aabent Mesterskab 2007-08"]
[Site "Valby"]
[Date "2008.01.22"]
[Round "5"]
[White "Madsen, Poul Henrik"]
[Black "Moller, Arne Vagn"]
[Result "1-0"]
[WhiteElo "2100"]
[BlackElo "1723"]
[PlyCount "57"]
[EventDate "2007.??.??"]

1. d4 Nf6 2. Nf3 e6 3. e3 c5 4. Bd3 Nc6 5. c3 d5 6. O-O c4 7. Bc2 b5 8. Nbd2
Bb7 9. e4 Be7 10. e5 Nd7 11. Ne1 Qa5 12. f4 g6 13. b4 cxb3 14. Nxb3 Qb6 15. a4
Ba6 16. a5 Qc7 17. Bd3 Rc8 18. Bd2 Bd8 19. Qe2 Qb7 20. g4 Ne7 21. Nc2 h5 22. h3
Rc4 23. Ne3 Nc6 24. f5 gxf5 25. gxf5 Ncxe5 26. dxe5 Nxe5 27. Nxc4 Rg8+ 28. Kh2
Nxd3 29. Nd6+ 1-0

[Event "K41 Aabent Mesterskab 2007-08"]
[Site "Valby"]
[Date "2008.01.22"]
[Round "5"]
[White "Mikkelsen, Henning Peter"]
[Black "Krogh, Soren"]
[Result "0-1"]
[WhiteElo "1287"]
[BlackElo "1087"]
[PlyCount "118"]
[EventDate "2007.??.??"]

1. c4 b6 2. Nc3 Bb7 3. d4 e6 4. Nf3 Bb4 5. Bd2 f5 6. Qc2 Nf6 7. a3 Be7 8. h3
Be4 9. Nxe4 Nxe4 10. Bf4 Qc8 11. e3 Qb7 12. Bd3 Na6 13. O-O O-O-O 14. b4 Rhg8
15. b5 Nb8 16. a4 g5 17. Bh2 Rg6 18. Ne5 Rg7 19. a5 Rdg8 20. axb6 cxb6 21. f3
Nf6 22. Ra2 Bb4 23. Rfa1 Ba5 24. c5 Kd8 25. c6 dxc6 26. bxc6 Qc8 27. Rc1 Ne8
28. e4 f4 29. d5 exd5 30. exd5 h5 31. Bf5 Qc7 32. Qe2 Nd6 33. Be6 Re8 34. Rac2
h4 35. Qd3 a6 36. Kf1 b5 37. Bg1 b4 38. Bc5 Ree7 39. Nc4 Nxc4 40. Bxe7+ Rxe7
41. Rxc4 Qd6 42. Qf5 Kc7 43. Qf8 Rxe6 44. Qf5 Re5 45. Qh7+ Re7 46. Qd3 Bb6 47.
Qf5 a5 48. Re4 a4 49. Qxg5 Rxe4 50. fxe4 b3 51. Qg7+ Kc8 52. Qb7+ Kd8 53. Qxb6+
Qc7 54. Qxc7+ Kxc7 55. e5 b2 56. Rb1 a3 57. Ke2 a2 58. Rxb2 a1=Q 59. Rb7+ Kc8
0-1

[Event "K41 Aabent Mesterskab 2007-08"]
[Site "Valby"]
[Date "2008.01.22"]
[Round "5"]
[White "Nielsen, Jais Norgaard"]
[Black "Nielsen, Jens Holm"]
[Result "0-1"]
[WhiteElo "1584"]
[BlackElo "1802"]
[PlyCount "142"]
[EventDate "2007.??.??"]

1. e4 d5 2. exd5 Qxd5 3. Nc3 Qa5 4. d4 Nf6 5. Nf3 Ne4 6. Qd3 Nxc3 7. bxc3 Nc6
8. d5 Nd8 9. Bd2 e6 10. c4 Bb4 11. Be2 Bxd2+ 12. Nxd2 exd5 13. cxd5 O-O 14. O-O
c6 15. Nc4 Qxd5 16. Qxd5 cxd5 17. Nd6 Be6 18. Bf3 Rb8 19. Rfd1 Nc6 20. Bxd5
Bxd5 21. Rxd5 Nb4 22. Rd2 Rfd8 23. c3 Na6 24. Rad1 Nc5 25. c4 Rd7 26. Kf1 Rbd8
27. Ke1 Re7+ 28. Kf1 Kf8 29. f3 g6 30. Rd5 b6 31. Nb5 Rxd5 32. cxd5 Rd7 33. d6
Ne6 34. Nc3 f5 35. g4 fxg4 36. fxg4 Rf7+ 37. Kg1 Ke8 38. Nd5 Kd7 39. h4 g5 40.
h5 Nf4 41. Ne3 Ne2+ 42. Kh1 Nc3 43. Rd2 Ne4 44. Rd4 Nxd6 45. Nf5 Rf6 46. Rd5 h6
47. Kg2 Kc7 48. Nxh6 Rxh6 49. Rxg5 Kc6 50. Rg7 a5 51. Kh3 b5 52. Kh4 b4 53. g5
Re6 54. h6 Nf5+ 55. Kh5 Nxg7+ 56. hxg7 Re8 57. Kg6 a4 58. Kf7 Rc8 59. g8=Q Rxg8
60. Kxg8 b3 61. axb3 axb3 62. g6 b2 63. g7 b1=Q 64. Kf7 Qf5+ 65. Ke8 Qg6+ 66.
Kf8 Qf6+ 67. Kg8 Kd6 68. Kh7 Qf7 69. Kh8 Qh5+ 70. Kg8 Ke6 71. Kf8 Qf7# 0-1

[Event "K41 Aabent Mesterskab 2007-08"]
[Site "Valby"]
[Date "2008.01.22"]
[Round "5"]
[White "Nielsen, Jorgen Kamp"]
[Black "Abildgaard, Kenneth"]
[Result "1/2-1/2"]
[WhiteElo "1432"]
[BlackElo "1561"]
[PlyCount "107"]
[EventDate "2007.??.??"]

1. e4 e5 2. f4 exf4 3. Bc4 Qh4+ 4. Kf1 Nh6 5. Nf3 Qh5 6. d4 g5 7. Nc3 c6 8. Ne5
Qxd1+ 9. Nxd1 d6 10. Nd3 Be6 11. Bb3 Nd7 12. h4 Bxb3 13. axb3 f6 14. g3 fxg3
15. hxg5 Nf7 16. gxf6 Nxf6 17. Nc3 Rg8 18. Nf4 Rg4 19. Kg2 Ng5 20. e5 dxe5 21.
dxe5 Nfe4 22. Nxe4 Nxe4 23. Rxh7 Rg7 24. Rxg7 Bxg7 25. Nd3 Nf2 26. Nf4 Bxe5 27.
Kxg3 Ne4+ 28. Kf3 Nd6 29. Nd3 Bg7 30. Be3 a6 31. Rg1 Kf8 32. Bd2 Nb5 33. Rg4
Nd4+ 34. Kf2 Nxc2 35. Rf4+ Ke7 36. Re4+ Kd7 37. Rc4 Nd4 38. Nc5+ Kc8 39. Bc3 b6
40. Bxd4 Bxd4+ 41. Rxd4 bxc5 42. Rc4 Kc7 43. Rxc5 Rd8 44. Ke2 Kb6 45. Rc3 c5
46. Rc4 Kb5 47. Ra4 a5 48. Rh4 Rd4 49. Rh3 Kb4 50. Rc3 c4 51. Rxc4+ Rxc4 52.
bxc4 Kxc4 53. Kd1 Kb3 54. Kc1 1/2-1/2

[Event "K41 Aabent Mesterskab 2007-08"]
[Site "Valby"]
[Date "2008.02.12"]
[Round "5"]
[White "Nielsen, Michael"]
[Black "Nielsen, John Holm"]
[Result "0-1"]
[WhiteElo "2058"]
[BlackElo "1877"]
[PlyCount "78"]
[EventDate "2007.??.??"]

1. d4 d5 2. Nf3 Nf6 3. e3 e6 4. Bd3 Bd6 5. Nbd2 O-O 6. Qe2 Nbd7 7. e4 e5 8. O-O
Re8 9. Re1 exd4 10. Nxd4 Nc5 11. N2b3 Bg4 12. Qf1 dxe4 13. Bc4 Nxb3 14. Nxb3 h6
15. Be3 c6 16. h3 Bh5 17. Nd4 Bg6 18. a4 Qc7 19. c3 Rad8 20. Nb3 Nd7 21. Red1
Kh7 22. Rd2 Ne5 23. a5 f5 24. Bxa7 Nxc4 25. Qxc4 Bf7 26. Qe2 Bxb3 27. Bb6 Bh2+
28. Kh1 Rxd2 29. Qxd2 Qd6 30. Qe2 Be5 31. Be3 Rd8 32. g3 Bd1 33. Qc4 Bxg3 34.
Bd4 Bf3+ 35. Kg1 Bh2+ 36. Kf1 Qg6 37. Ke1 Bf4 38. Qf1 c5 39. Bxc5 Bd2# 0-1

[Event "K41 Aabent Mesterskab 2007-08"]
[Site "Valby"]
[Date "2008.02.05"]
[Round "5"]
[White "Petersen, Steen Brustrup"]
[Black "Brondum, Eric"]
[Result "1/2-1/2"]
[WhiteElo "2136"]
[BlackElo "2111"]
[PlyCount "21"]
[EventDate "2007.??.??"]

1. e4 b6 2. Nc3 e6 3. g3 Bb7 4. Bg2 Nf6 5. d3 d5 6. Bg5 d4 7. Nce2 Be7 8. Nf3
c5 9. O-O Nc6 10. Nd2 Qc7 11. a4 1/2-1/2

[Event "K41 Aabent Mesterskab 2007-08"]
[Site "Valby"]
[Date "2008.01.22"]
[Round "5"]
[White "Rasmussen, Janus Munck"]
[Black "Nielsen, Soren Skovso"]
[Result "1/2-1/2"]
[WhiteElo "1705"]
[BlackElo "1539"]
[PlyCount "104"]
[EventDate "2007.??.??"]

1. e4 e5 2. Nf3 Nf6 3. Nxe5 Nxe4 4. Qe2 Qe7 5. Qxe4 d6 6. d4 dxe5 7. dxe5 Nc6
8. Bb5 Bd7 9. O-O a6 10. Ba4 O-O-O 11. Nc3 b5 12. Bb3 Qxe5 13. Bxf7 Qxe4 14.
Nxe4 Bf5 15. f3 Bxe4 16. fxe4 Bc5+ 17. Kh1 Kb8 18. Bg5 Be7 19. Be3 Bf6 20. c3
Rhf8 21. Bd5 Ne5 22. Bc5 Rfe8 23. Bd4 Rc8 24. a4 c6 25. Bb3 c5 26. Bxe5+ Rxe5
27. axb5 c4 28. Bd1 Rxb5 29. Rxa6 Rxb2 30. Bg4 Rd8 31. Rfa1 Bxc3 32. e5 Bxe5
33. Ra8+ Kc7 34. R1a7+ Kb6 35. Ra6+ Kb5 36. Ra5+ Kb4 37. Ra4+ Kb3 38. Ra3+ Kc2
39. Bf5+ Rd3 40. Bxd3+ cxd3 41. Rc8+ Kd2 42. Ra1 Bc3 43. Kg1 Kc2 44. Rd8 d2 45.
Kf1 Rb7 46. Ra2+ Kc1 47. Ra3 Rc7 48. Ke2 Re7+ 49. Kf2 Rc7 50. Ke2 Re7+ 51. Kf2
Rf7+ 52. Ke2 Re7+ 1/2-1/2

[Event "K41 Aabent Mesterskab 2007-08"]
[Site "Valby"]
[Date "2008.01.22"]
[Round "5"]
[White "Rasmussen, Morten(1956)"]
[Black "Hoj, Torben Kjaergaard"]
[Result "1-0"]
[WhiteElo "1753"]
[BlackElo "1622"]
[PlyCount "63"]
[EventDate "2007.??.??"]

1. d4 Nf6 2. Nf3 d5 3. c4 g6 4. Nc3 Bg7 5. cxd5 Nxd5 6. e4 Nxc3 7. bxc3 c5 8.
Be2 O-O 9. O-O cxd4 10. cxd4 Nc6 11. Be3 Bg4 12. d5 Bxf3 13. Bxf3 Ne5 14. Be2
a6 15. Rb1 b5 16. a4 Nc4 17. Bd4 e5 18. Bc3 Qc7 19. Qb3 Rab8 20. Rfc1 Rfc8 21.
Qa2 Qd7 22. axb5 axb5 23. h3 Bh6 24. Rd1 Ra8 25. Qb3 Rcb8 26. Bxc4 bxc4 27.
Qxc4 Rc8 28. Qb3 Rab8 29. Qxb8 Rxb8 30. Rxb8+ Kg7 31. Bxe5+ f6 32. Rdb1 1-0